| 000 | 01124nam0a22002291 4500 | ||
|---|---|---|---|
| 001 | rc\4123026 | ||
| 005 | 20260407082940.0 | ||
| 035 | _a(NLR Aleph) 007982090 | ||
| 090 |
_a8526219 _c8526219 |
||
| 100 | _a20130415a19569999|||y0rusy50 ca | ||
| 101 | 0 | _arus | |
| 102 | _aRU | ||
| 105 | _ay z ||||| | ||
| 200 | 1 |
_aБюллетень научно-технической информации Научно-исследовательского института картофельного хозяйства _e1- _fМ-во сел. хоз-ва РСФСР. Гл. упр. с.-х. науки |
|
| 210 |
_aМосква _cБ. и. _d1956- |
||
| 710 | 0 | 2 |
_aНИИ картофельного хозяйства _cст. Малаховка, Московско-Рязанская ж. д. _3RU\NLR\AUTH\888992 _9290484 |
| 801 | 0 |
_aRU _bNLR _gpsbo |
|
| 801 | 1 |
_aRU _bELAR _2rusmarc |
|
| 830 | _aПеречень имеющихся в библиотеке томов, номеров, годов этого издания смотри в каталоге периодических изданий | ||
| 852 |
_aNLR _jП14/432 |
||
| 942 | _cBOOK | ||
| 980 | _aNB | ||